Statistics for SH- Vocabulary Words

Click here to take the quiz!

General Stats

  • This quiz has been taken 106 times
  • The average score is 12 of 20

Answer Stats

hintword% Correct
dark area on a sunny dayshadow
100%
lacking depthshallow
92%
wash using an overhead nozzleshower
88%
between the knee and ankleshin
83%
knee-length trousersshorts
81%
tear into narrow stripsshred
80%
is expected toshould
79%
worn by women around the shouldersshawl
75%
tribal healer and connector with spiritsshaman
73%
pony breedShetland
67%
small crustaceanshrimp
64%
sword-blade coversheath
61%
sweet, fortified, winesherry
59%
Israeli currencyshekel
51%
Tibetan portersherpa
36%
cunning, wilyshrewd
36%
frayed by wear, unkemptshabby
32%
bundle of wheatsheaf
31%
type of mis-hit golf shotshank
28%
Islamic tribal patriarchsheikh
21%

Score Distribution

Percentile by Number Answered

Percent of People with Each Score

Your Score History

You have not taken this quiz